| 000 | 00000nam 2200000zi 4500 |
| 001 | 9.893809 |
| 003 | CaOODSP |
| 005 | 20250107144055 |
| 006 | m o d f |
| 007 | cr |n||||||||| |
| 008 | 201120e19980126onc|||| ob f00| 0|eng d |
| 040 | |aCaOODSP|beng|erda|cCaOODSP |
| 043 | |an-cn--- |
| 086 | 1 |aIu188-157/1998E-PDF |
| 100 | 1 |aHendricks, Kenneth, |eauthor. |
| 245 | 10|aAre Canadian entrepreneurs financially constrained? / |cby Kenneth Hendricks, Robert Porter, Diana Whistler, Raffi Amit, Jim Brander. |
| 264 | 1|a[Ottawa] : |bIndustry Canada, |cJanuary 26, 1998. |
| 300 | |a1 online resource (34 pages) |
| 336 | |atext|btxt|2rdacontent |
| 337 | |acomputer|bc|2rdamedia |
| 338 | |aonline resource|bcr|2rdacarrier |
| 500 | |aDigitized edition from print [produced by Innovation, Science and Economic Development Canada]. |
| 504 | |aIncludes bibliographical references (pages 20-21). |
| 520 | |a"This paper empirically investigates the common claim that small, young businesses are financially more constrained then large, mature businesses. Using data an employer businesses that operated in Canada during the period 1984 to 1994, we examine the behavior of the growthsize relation and the growth-age relation over the business cycle for evidence of this claim. In particular, we test the prediction that financially constrained firms are likely to grow faster than unconstrained firms during the upswing of the business cycle when cash flows are high and credit conditions slack. We find that during the study period, the growth-size relation was invariant for firrns of the same age"--Introduction, page 2. |
| 650 | 0|aSmall business|zCanada|xFinance|vStatistics. |
| 650 | 0|aBusinesspeople|zCanada|vStatistics. |
| 650 | 6|aPetites et moyennes entreprises|zCanada|xFinances|vStatistiques. |
| 650 | 6|aGens d'affaires|zCanada|vStatistiques. |
| 655 | 7|aStatistics|2lcgft |
| 655 | 7|aStatistiques|2rvmgf |
| 710 | 1 |aCanada. |bIndustry Canada, |eissuing body. |
| 856 | 40|qPDF|s1.07 MB|uhttps://publications.gc.ca/collections/collection_2023/isde-ised/Iu188-157-1998-eng.pdf |